000 00833nam a2200265Ia 4500
003 OSt
005 20260306150533.0
008 210716s2002 xx 000 0 und d
020 _a8187328630
040 _cAIMIT LIBRARY
041 _aeng
082 _a510.62
_22
_bARUS
100 _aArumugam, S.
_9258066
245 _aEngineering mathematics /
_cBy S Arumugam, A Thangapandi Isaac and A Somassundaram.
250 _a2nd ed.
260 _aChennai :
_bScitech Publications Pvt Ltd ,
_c2002.
300 _a412p. ;
_bPB
_c24.4 cm
440 _vVol-3
650 _aFourier transform
_9258067
650 _aApplications of partial differential equations
_9258068
650 _aSpecial functions
_9258069
700 _aIsaac, A Thangapandi.
_9258070
700 _aSomasundaram, A.
_9258071
942 _2ddc
_cBK
_e2nd
_k510.62 ARUS
999 _c185287
_d185287